[Event "IND-ch U13 Girls 33rd"]
[Site "Visakhapatnam"]
[Date "2019.05.05"]
[Round "2"]
[White "Akshaya, Rajaraman"]
[Black "Sevitha Viju, M."]
[Result "1-0"]
[WhiteElo "1617"]
[BlackElo "1270"]
[PlyCount "159"]
[EventDate "2019.05.04"]
[EventType "swiss"]
[EventRounds "11"]
[EventCountry "IND"]
[SourceTitle "CBM 190 Extra"]
[Source "ChessBase"]
[SourceDate "2019.07.15"]
[SourceVersion "1"]
[SourceVersionDate "2019.07.15"]
[SourceQuality "1"]

1. e4 d6 2. d4 Nf6 3. Nc3 g6 4. f3 Bg7 5. Be3 c6 6. Qd2 0-0 7. 0-0-0 b5 8. g4 b4 9. Nce2 Qa5 10. Kb1 c5 11. h4 h5 12. gxh5 Nxh5 13. Nh3 Nc6 14. Bh6 c4 15. Bxg7 Kxg7 16. d5 Ne5 17. Qd4 Kg8 18. f4 Ng4 19. Rg1 Qb6 20. Qxb6 axb6 21. Ng5 Ne3 22. Re1 Nxf1 23. Rexf1 Ba6 24. Rf2 Rfc8 25. f5 c3 26. fxg6 fxg6 27. Ne6 Bxe2 28. Rxe2 Kh7 29. Rf2 Nf6 30. Ng5+ Kg7 31. Rfg2 Rg8 32. Rg3 cxb2 33. Kxb2 Kh6 34. Nf7+ Kg7 35. Ng5 Kh6 36. Rh3 Ra4 37. Ra1 Ra3 38. Rb3 Rc8 39. Rxb4 Rac3 40. Rc1 Ng4 41. Rb3 R3c4 42. Rxb6 Nf2 43. Rc6 Rb4+ 44. Ka1 Rxc6 45. dxc6 Rc4 46. Kb2 Rxc6 47. Rf1 Rb6+ 48. Ka1 Ng4 49. Rf7 Nf6 50. Rxe7 Kh5 51. Rf7 Ng4 52. Rh7+ Nh6 53. Nf7 Rb7 54. Rxh6+ Kg4 55. Nxd6 Rb6 56. e5 Kf3 57. Rxg6 Kf2 58. Rf6+ Ke2 59. Nc4 Rb4 60. Na3 Kd2 61. Rf2+ Kc1 62. Rf3 Rxh4 63. Rf1+ Kd2 64. c4 Re4 65. c5 Ra4 66. Nb5 Ra5 67. Nd6 Kd3 68. e6 Rxc5 69. e7 Re5 70. e8Q Rxe8 71. Nxe8 Kc2 72. a4 Kb3 73. a5 Kb4 74. a6 Kb5 75. a7 Kb6 76. a8Q Kb5 77. Rc1 Kb6 78. Qb8+ Ka6 79. Nc7+ Ka5 80. Qb5# 1-0

[Event "IND-ch U11 Girls"]
[Site "Sivagangai Tamilnadu"]
[Date "2018.08.01"]
[Round "7.7"]
[White "Anupam, M Sreekumar"]
[Black "Sevitha Viju, M."]
[Result "1-0"]
[WhiteElo "1417"]
[BlackElo "1205"]
[PlyCount "93"]
[EventDate "2018.07.28"]
[EventType "swiss"]
[EventRounds "11"]
[EventCountry "IND"]
[SourceTitle "EXT 2024"]
[Source "ChessBase"]
[SourceDate "2023.10.10"]
[SourceVersion "1"]
[SourceVersionDate "2023.10.10"]
[SourceQuality "1"]

1. e4 d6 2. d4 Nf6 3. Nc3 g6 4. Nf3 Bg7 5. Bc4 0-0 6. 0-0 c6 7. Bg5 Nbd7 8. e5 dxe5 9. dxe5 Ng4 10. e6 Nde5 11. exf7+ Nxf7 12. Qxd8 Rxd8 13. Bxe7 Re8 14. Rfe1 Bf5 15. Ng5 Nge5 16. Rxe5 Bxe5 17. Bxf7+ Kg7 18. Bxe8 Rxe8 19. Bb4 Bxc2 20. Re1 Bxh2+ 21. Kxh2 Rxe1 22. Nce4 Re2 23. Bc3+ Kg8 24. Nf6+ Kg7 25. Ngxh7 Re6 26. Ne4+ Kg8 27. Nhf6+ Kg7 28. Ng4+ Kg8 29. Ng5 Re2 30. Kg3 Kf8 31. Nf3 Be4 32. Nd4 Rc2 33. Nxc2 Bxc2 34. Ne5 Bf5 35. Kf4 Ke7 36. g4 Bb1 37. a3 Ke6 38. Kg5 c5 39. Nxg6 Kf7 40. Ne5+ Kg8 41. f4 b6 42. f5 b5 43. f6 c4 44. f7+ Kh7 45. f8Q Bg6 46. Nxg6 b4 47. Qh8# 1-0

[Event "IND-ch U11 Girls 30th"]
[Site "India"]
[Date "2016.07.03"]
[Round "8"]
[White "Sevitha Viju, M."]
[Black "Chinnam, Vyshnavi"]
[Result "0-1"]
[WhiteElo "1186"]
[BlackElo "1409"]
[PlyCount "62"]
[EventDate "2016.06.28"]
[EventType "swiss"]
[EventRounds "11"]
[EventCountry "IND"]
[SourceTitle "CBM 173 Extra"]
[Source "ChessBase"]
[SourceDate "2016.08.29"]
[SourceVersion "1"]
[SourceVersionDate "2016.08.29"]
[SourceQuality "1"]

1. g3 Nf6 2. Bg2 d5 3. e3 g6 4. Ne2 c5 5. d4 c4 6. b3 cxb3 7. cxb3 Bg7 8. Nbc3 e6 9. Ba3 Nc6 10. 0-0 a6 11. Rc1 Ne7 12. e4 dxe4 13. Nxe4 Nxe4 14. Bxe4 0-0 15. Nf4 Re8 16. d5 exd5 17. Bxe7 Qxe7 18. Bxd5 Bf5 19. Re1 Qd7 20. Rxe8+ Rxe8 21. Qf3 Rb8 22. Nd3 Rd8 23. Nb4 a5 24. Rd1 Kh8 25. Nd3 Qxd5 26. Nb2 Qxf3 27. Rxd8+ Bf8 28. Rxf8+ Kg7 29. Rc8 Bh3 30. Rg8+ Kxg8 31. Nc4 Qg2# 0-1